01246nam a22002297a 450000100060000000300060000600500170001200800410002902000180007004000290008808200100011710000190012724500580014626000550020430000430025950500070030252006030030952100270091252100180093965000320095770000270098910067FISKH20260403091712.0260403b cb ||||| |||| 00| 0 eng d a9781107682351 aFISKHbengcFISKHdFISKH a372.6 aBudge, llGill  aCambridge primary English : bActivity book stage 3 / aMelbourne : bCambridge University Press, c2015.  a117 pages : billustrations ; c28 cm  aP  aCambridge Primary English is a flexible, endorsed course written specifically to support Cambridge International Examinations' curriculum framework (Stages 1-6). This write-in Activity Book includes the following features. Activities which support, enrich and reinforce the core teaching in the Learner's Book, using the same themes and texts to enhance comprehension. Activities which are designed to build, practise and consolidate the reading and writing skills of all learners. Further activities and games targeting specific grammar and language points, extra writing and spelling activities. 8 a650 bLexile estimate 8 aP bRaz-Plus  aEnglish Book vNon-Fiction  aRuttle, Kate eAuthor